Managing creativity

Bibliographic Details
Corporate Author: Harvard Business Review Editors (Author)
Format: Book
Published: Boston : Harvard Business Riview , 1977
Subjects:

MARC

LEADER 00000cam a2200000 7i4500
001 0000008233
005 20021119093000.0
008 021119s1977
020 |a 0867351802 
090 0 0 |a HD58.8   |b .H37 
110 0 |a Harvard Business Review Editors   |e author 
245 0 0 |a Managing creativity 
260 2 |a Boston :   |b Harvard Business Riview ,   |c 1977 
300 |a 148 p. ;   |c 28 cm. 
650 0 |a Creative ability in business 
999 |a 1000033213   |b Book   |c Reference   |e Gong Badak Campus